| 000 | 00396nam a2200157Ia 4500 | ||
|---|---|---|---|
| 008 | 221030s9999 xx 000 0 und d | ||
| 020 | _a8185749418 | ||
| 041 | _aEnglish | ||
| 082 |
_a105.23 _bSin |
||
| 100 | _aV. R. Singh | ||
| 245 | 0 |
_aModern Operating System & Unix _cby V. R. Singh |
|
| 260 |
_bS.K.Kataria & Sons _aNew Delhi _c2001 |
||
| 300 | _a548 | ||
| 650 | _aBE Computer | ||
| 942 | _cBK | ||
| 999 |
_c1047 _d1047 |
||